000 00763nam a22002177a 4500
005 20151012112305.0
010 _aENG-114072
020 _c325.00
_a9789351501831
035 _aEN-97604
037 _bDBAD/PUB
082 _a338.9
100 _aNaqvi, Syed Nawab Haider
245 _aEconomics of development :
_cby Syed Nawab Haider Naqvi
_btoward inclusive growth /
260 _aNew Delhi
_bSAGE Publications
_c2015
270 _aB1/I-1 Mohan Cooperative Industrial Area Mathura Road
_bNew Delhi
_e110044
300 _avarious pagings :
_c24cm(pbk)
_bill.
500 _aIncludes bibliographical references and index
650 _aDeveloping countries
_xEconomic policy
650 _aEconomic development
942 _2ddc
_cEN
_mNAQ
_h338.9
999 _c97009
_d97009